Gaming Quiz

Random Gaming or Nintendo Quiz
Score 0/22 Timer 05:00
0 Plays Today
Pokémon % Correct
Kakuna
94.4%
Magikarp
94.4%
Caterpie
88.9%
Metapod
88.9%
Weedle
88.9%
Ditto
88.9%
Wurmple
83.3%
Silcoon
83.3%
Cascoon
83.3%
Wobbuffet
77.8%
Wynaut
77.8%
Pokémon % Correct
Scatterbug
77.8%
Spewpa
77.8%
Tynamo
66.7%
Smeargle
61.1%
Kricketot
61.1%
Cosmog
55.6%
Cosmoem
55.6%
Beldum
44.4%
Combee
44.4%
Pyukumuku
38.9%
Mr. Rime
38.9%
Remove Ads.
Support Sporcle.
Get the best of Sporcle when you Go Orange. This ad-free experience offers more features, more stats, and more fun while also helping to support Sporcle. Thank you for becoming a member.

You're not logged in!

Compare scores with friends on all Sporcle quizzes.
OR
Log In

Sporcle TV

Today on Sporcle TV


Watch our educational content, quiz creation guides, and fun videos on Sporcle TV.

Show Comments

Extras

Top Quizzes Today


Score Distribution

Paid Content

Your Account Isn't Verified!

In order to create a playlist on Sporcle, you need to verify the email address you used during registration. Go to your Sporcle Settings to finish the process.

Report this User

Report this user for behavior that violates our Community Guidelines.

Details: